LEADER 01339nam0 2200337 450 001 000021935 005 20091002145025.0 100 $a20080710d1933----km-y0itaa50------ba 101 0 $aita 102 $aIT 200 1 $aPascoli$fPiero Bianconi 210 $aFirenze$cNEMI$dc1933 215 $a64 p.$cill.$d24 cm 225 2 $aNovissima enciclopedia monografica illustrata$v35 300 $aIn cop. e in testa al front. firma autografa: Sergio de Pilato, febb. '934, XII 410 1$12001$aNovissima enciclopedia monografica illustrata$v35 600 1$aPascoli,$bGiovanni 676 $a851.8$v(21. ed.)$9Poesia italiana. 1859-1899 676 $a928$v(21. ed.)$9Genealogia. Biografie di specifiche categorie di persone operanti nel campo della letteratura, storia, biografia, genealogia 700 1$aBianconi,$bPiero$036087 801 0$aIT$bUniversità della Basilicata - B.I.A.$gRICA$2unimarc 912 $a000021935 996 $aPascoli$988246 997 $aUNIBAS BAS $aLETTERE CAT $aSTD062$b01$c20080710$lBAS01$h1610 CAT $aTTM$b30$c20090323$lBAS01$h1515 CAT $aTTM$b30$c20090323$lBAS01$h1516 CAT $aTTM$b30$c20091002$lBAS01$h1450 FMT Z30 -1$lBAS01$LBAS01$mBOOK$1BASA1$APolo Storico-Umanistico$2FDEP2$BFondo De Pilato Biscione$3FD/107804$6107804$5L107804$820090323$f52$FRari